Informe Hite sobre la familia /

Uloženo v:
Podrobná bibliografie
Hlavní autor: Hite, Shere (autor)
Médium: Kniha
Jazyk:španělština
Vydáno: Barcelona, España : Paidós, 1995, c1995
Edice:(Guías para Padres) [s.n.]
Témata:
Tagy: Přidat tag
Žádné tagy, Buďte první, kdo vytvoří štítek k tomuto záznamu!

MARC

LEADER 00000nam^a2200000^a^4500
001 000305749
005 20250521000000.0
009 20260310112758.324
020 |a 84-493-0149-1 
037 |a Acervo ITESO - Biblioteca 
041 |a ESP 
082 |a 306. 85  |b HIT 
100 |a Hite, Shere  |e (autor) 
245 1 0 |a Informe Hite sobre la familia /  |c S. Hite ; tr. por Mireille Jaumà Classen. 
264 4 |a Barcelona, España :  |b Paidós,  |c 1995, c1995 
300 |a 367 p. 
336 |a texto  |b txt  |2 rdacontenido 
337 |a sin mediación  |b n  |2 rdamedio 
338 |a volumen  |b nc  |2 rdasoporte 
440 1 |a (Guías para Padres) [s.n.] 
500 |a Traducción de: The Hite Report on the Family: Growing up under Patriarchy 
649 |a XX 
650 |a Familia -  |x Condiciones Psicológicas -  |x Tema Principal 
650 |a Relaciones Intergénero -  |x Tema Principal 
650 |a Relaciones Padres-Hijos 
650 |a Relaciones Familiares 
650 |a Intimidad 
650 |a Identidad de Género 
650 |a Identidad Personal 
650 |a Discriminación de Género 
650 |a Roles de Género 
650 |a Erotismo 
650 |a Desarrollo Sexual 
650 |a Sexualidad 
650 |a Violencia Doméstica 
650 |a Machismo 
650 |a Feminismo 
650 |a Género 
650 |a Psicología 
650 |a Sociología 
910 |a Fondo General 
920 |a Impresos - Libros 
930 |a Colección General 
905 |a 101 
901 |a 0500191886  |b IT1  |c ACC  |i C125642  |u 20250521 
902 |a https://opac.biblio.iteso.mx/vufind/Record/000305749